| 000 | 00000nam##2200000za#4500 |
| 001 | 9.695672 |
| 003 | CaOODSP |
| 005 | 20230202144025 |
| 007 | cr ||||||||||| |
| 008 | 150407|1995||||xxc|||||o f|0| 0 eng|d |
| 040 | |aCaOODSP|beng |
| 043 | |an-cn--- |
| 086 | 1 |aH72-21/128-1995E-PDF |
| 110 | 2 |aNational Clearinghouse on Family Violence (Canada). |
| 245 | 10|aChild abuse : |h[electronic resource]|bawareness information for people in the workplace / |c[by Flora MacLeod and Brenda Dafoe]. |
| 260 | |aOttawa - Ontario : |bHealth Canada. |cc1995. |
| 300 | |a36p.|breferences |
| 500 | |aThe catalogue number (H72-21/128-199[5]E) and ISBN (0-662-22953-3) for the print edition have been incorrectly copied in this electronic publication. Catalogue number misprinted (H72-21/128-199SE). |
| 590 | |a12-13-Supp|b2012-04-03 |
| 720 | 1 |aMacLeod, Flora |
| 720 | 1 |aDafoe, Brenda |
| 775 | 08|tViolence a l'égard des enfants : |w(CaOODSP)9.639805 |
| 776 | 0#|tChild abuse: awareness information for people in the workplace : |w(CaOODSP)9.645776 |
| 856 | 40|ahttp://publications.gc.ca|qPDF|s109 KB|uhttps://publications.gc.ca/collections/Collection/H72-21-128-1995E.pdf |